00727 2200193 4500001002100000005001700021008004100038035002400079082001000103090001700113100002100130245014500151260010900296300005000405500001600455504003000471650001400501990001800515YOGYA-0213000000009120130205080049.0 ind  0010-021300000000091 a618.2 a6128.2 Sit E aSITI NURCHASANAH aEvaluasi penerapan standar pelayanan kebidanan tentang pengelolaan anemia pada kehamilan di Kecamatan Banguntapan Bantul/cSiti Nurchasanah. aYogyakarta :bProgram Khusus Diploma IV Bidan Pendidik Fakultas Kedokteran Universitas Gadjah Madac2004 a(viii), 51(16) lbr. :bilus., lamp. ;c29 cm. aSkripsi UGM aBibliografi : (lbr.52-53) aKehamilan a43387-PD/A.12